Normal view MARC view

Entry Personal Name

Number of records used in: 2

001 - CONTROL NUMBER

  • control field: 72625

003 - CONTROL NUMBER IDENTIFIER

  • control field: dpl

005 - DATE AND TIME OF LATEST TRANSACTION

  • control field: 20241010165638.0

008 - FIXED-LENGTH DATA ELEMENTS

  • fixed length control field: 241010|| aca||aabn | a|a d

040 ## - CATALOGING SOURCE

  • Original cataloging agency: dpl
  • Transcribing agency: dpl

100 ## - HEADING--PERSONAL NAME

  • Personal name: Sahoo, Jitendra

670 ## - SOURCE DATA FOUND

  • Source citation: Work cat.: (dpl)206286: Sahoo, Jitendra, India's Constitutional Development Since the 1950's/, 2015

© Delhi Public Library
Hit Counter
free hit counter